000 00682nam a2200205Ia 4500
008 151119s9999||||xx |||||||||||||| ||und||
082 _a891.463देशपां/नानाभ
082 _bGKKV34148
100 _a"देशपांडे, रमाकांत"
245 _aनाना भरारी
260 _aमुंबई
260 _bमनोरमा प्रकाशन
260 _c2015
300 _a176p.
600 _a"देशपांडे, रमाकांत"
630 _aनाना भरारी
700 _a"देशपांडे, रमाकांत"
730 _aनाना भरारी
942 _cBOOK
999 _c1086441
_d1086438